Eu4 Cultures (East Asia) - Statistics

General Stats
  • This quiz has been taken 24 times
  • The average score is 23 of 71
Answer Stats
Hint Answer % Correct
Korean Korean
94%
Chinese Min
89%
Mon-Khmer Mon
89%
Altaic Mongol
83%
Burman Burmese
78%
Malay Filipino
72%
Mon-Khmer Khmer
72%
Evenki Evenk
61%
Malay Javanese
61%
Mon-Khmer Vietnamese
61%
Chinese Manchu
56%
Malay Sumatran
56%
Tibetan Tibetan
56%
Altaic Turkmeni
56%
Altaic Uyghur
56%
Chinese Wu
56%
Kamchatkan Ainu
50%
Malay Bornean
50%
Chinese Cantonese
50%
Evenki Jurchen
50%
Kamchatkan Kamchatkan
50%
Altaic Kazakh
50%
Altaic Kyrgyz
50%
Tai Lao
50%
Altaic Uzbek
50%
Malay Cham
44%
Tai Shan
44%
Malay Sundanese
44%
Burman Chin
33%
Chinese Gan
33%
Chinese Jin
33%
Tai Siamese
33%
Evenki Buryat
28%
Altaic Oirat
28%
Japanese Saigoku
28%
Malay Sulawesi
28%
Malay Acehnese
22%
Burman Arakanese
22%
Burman Karen
22%
Japanese Kyushuan
22%
Malay Malayan
22%
Tibetan Yi
22%
Chinese Hakka
17%
Tibetan Miao
17%
Kamchatkan Nivkh
17%
Chinese Sichuanese
17%
Chinese Xiang
17%
Tibetan Bai
11%
Burman Kachin
11%
Altaic Khalkha
11%
Altaic Korchin
11%
Malay Moluccan
11%
Malay Nusa Tenggara
11%
Chinese Shandong
11%
Chinese Sino-Korean
11%
Chinese Sino-Vietnamese
11%
Japanese Togoku
11%
Evenki Tungus
11%
Chinese Zhili
11%
Chinese Jianghuai
6%
Chinese Sino-Altaic
6%
Chinese Sino-Tibetan
6%
Chinese Xibei
6%
Evenki Yakut
6%
Evenki Yukaghir
6%
Tai Zhuang
6%
Chinese Hubei
0%
Tai Khon Muang
0%
Malay Madagascan
0%
Chinese Sino-Zhuang
0%
Chinese Zhongyuan
0%
No matching quizzes found
Score Distribution
Percent of People with Each Score
Percentile by Number Answered
Your Score History
You have not taken this quiz